Case studies in sport psychology / (Record no. 8113)
[ view plain ]
| 000 -LEADER | |
|---|---|
| fixed length control field | 00706nam a2200193 4500 |
| 008 - FIXED-LENGTH DATA ELEMENTS--GENERAL INFORMATION | |
| fixed length control field | 171213b xxu||||| |||| 00| 0 eng d |
| 020 ## - INTERNATIONAL STANDARD BOOK NUMBER | |
| International Standard Book Number | 9780763703554 |
| 082 ## - DEWEY DECIMAL CLASSIFICATION NUMBER | |
| Edition number | 1998 |
| Classification number | DC 796.01 |
| Item number | C26 |
| 100 ## - MAIN ENTRY--PERSONAL NAME | |
| 9 (RLIN) | 25103 |
| Personal name | Rotella, Robert J., author. |
| 245 ## - TITLE STATEMENT | |
| Title | Case studies in sport psychology / |
| Statement of responsibility, etc. | Bob Rotella ... [et al.]. |
| 260 ## - PUBLICATION, DISTRIBUTION, ETC. (IMPRINT) | |
| Place of publication, distribution, etc. | Boston : |
| Name of publisher, distributor, etc. | Jones and Bartlett, |
| Date of publication, distribution, etc. | ©1998. |
| 300 ## - PHYSICAL DESCRIPTION | |
| Extent | xvii, 202 pages ; |
| Dimensions | 23 cm. |
| 500 ## - GENERAL NOTE | |
| General note | Includes bibliographical references. |
| 650 #0 - SUBJECT ADDED ENTRY--TOPICAL TERM | |
| 9 (RLIN) | 25104 |
| Topical term or geographic name as entry element | Athletes |
| Form subdivision | Psychology |
| General subdivision | Case studies |
| 650 #0 - SUBJECT ADDED ENTRY--TOPICAL TERM | |
| 9 (RLIN) | 25105 |
| Topical term or geographic name as entry element | Sports |
| Form subdivision | Case Reports |
| General subdivision | psychology |
| 650 #0 - SUBJECT ADDED ENTRY--TOPICAL TERM | |
| 9 (RLIN) | 25106 |
| Topical term or geographic name as entry element | Counseling |
| Form subdivision | Case Reports |
| General subdivision | methods |
| 700 ## - ADDED ENTRY--PERSONAL NAME | |
| 9 (RLIN) | 25107 |
| Personal name | Boyce, B. Ann, author. |
| 942 ## - ADDED ENTRY ELEMENTS (KOHA) | |
| Source of classification or shelving scheme | Dewey Decimal Classification |
| Koha item type | Circulation |
| Withdrawn status | Lost status | Source of classification or shelving scheme | Damaged status | Not for loan | Collection code | Home library | Current library | Date acquired | Source of acquisition | Total Checkouts | Full call number | Barcode | Date last seen | Copy number | Price effective from | Koha item type |
|---|---|---|---|---|---|---|---|---|---|---|---|---|---|---|---|---|
| Dewey Decimal Classification | Circulation | UM Digos College - LIC | UM Digos College - LIC | 09/04/2000 | Photocopied | DC 796.01 C26 1998 | 14505 | 06/08/2021 | 1 | 12/13/2017 | Circulation |
